00386nam a2200133 a 450000500170000000800410001702000180005805000230007610000210009924500340012026000630015430000170021765000180023420140412111332.0030317s19uu xx 00 eng d a0-02-179071-X aTR(PS EbPe44 1972 aKeats, Ezra Jack aPet show! /cEzra Jack Keats. aNew York :bMacmillan/McGraw-Hill School Pub. Comp,c1972. a37 p. ; ill. aPets--Fiction